00476 2200181 4500001002100000005001500021008004100036020002200077035001900099041000700118082001200125090001800137100002300155245003500178260004000213300002100253650002000274INLIS00000000001592320241224115027241224||||||||| | ||| |||| || |  a978-602-97559-1-6 0010-1224015923 aid0 a610.696 a610.696 SOS e0 aSusatyo Herlambang00aEtika Profesi Tenaga kesehatan aYogyakartabGosyen Publishingc2011 ax,122hlm;14x20cm 0aIlmu Kedokteran